| 000 | 00594cam a22001337a 4500 | ||
|---|---|---|---|
| 008 | 180718b1970 xxu||||| |||| 00| 0 eng d | ||
| 082 | _aT39x54 N213s | ||
| 245 |
_aSurvey of India's export potential to twenty- six selected countries in the Indian Ocean basin and nearby areas _cby National Council of Applied Economic Research, India |
||
| 260 |
_aNew Delhi _bNational Council of Applied Economic Research _c1970 |
||
| 500 | _aContents: Library has 1, 4, 5 14, 15, 16 | ||
| 650 | _aIndia --Commerce. | ||
| 650 | _aExports --India | ||
| 700 | _aIndia, National Council of Applied Economic Research | ||
| 999 |
_c500890 _d500890 |
||